LEADER 01102nam--2200373---450- 001 990000556340203316 035 $a0055634 035 $aUSA010055634 035 $a(ALEPH)000055634USA01 035 $a0055634 100 $a20010710d1974----km-y0itay0103----ba 101 $aita 102 $aIT 105 $a||||||||001yy 200 1 $a<> scuola che cambia$eesperienze e documenti$ftraduzione di Giuseppe Lisciani 210 $aRoma$cArmando$d1974 215 $a302 p.$d20 cm 225 2 $aEducazione comparata e pedagogie$v11 312 $aThe free school 410 $12001$aEducazione comparata e pedagogie$v11 454 $12001$aThe free school$928843 676 $a371. 700 1$aRICHMOND,$bKenneth W.$0385263 702 1$aLISCIANI,$bGiuseppe 801 0$aIT$bsalbc$gISBD 912 $a990000556340203316 951 $a371 RIC$b1939 CBS$c371$d00107341 959 $aBK 969 $aSCI 979 $aPATTY$b90$c20010710$lUSA01$h1551 979 $c20020403$lUSA01$h1705 979 $aPATRY$b90$c20040406$lUSA01$h1639 996 $aThe free school$928843 997 $aUNISA LEADER 02031nam 2200469Ia 450 001 996385786103316 005 20200824132505.0 035 $a(CKB)4940000000076587 035 $a(EEBO)2240980761 035 $a(OCoLC)ocm12335473e 035 $a(OCoLC)12335473 035 $a(EXLCZ)994940000000076587 100 $a19850801d1691 uy | 101 0 $aeng 135 $aurbn||||a|bb| 200 14$aThe whole duty of man$b[electronic resource] $elaid down in a plain and familiar way for the use of all, but especially the meanest reader : divided unto XVII. chapters, one whereof being read every Lord's Day, the whole may be read over thrice in the year : necessary for all families, with private devotions for several occasions 210 $aLondon $cPrinted by R. Norton for George Pawlet ...$d1691 215 $a[27], 472, [8] p 300 $aReproduction of original in Cambridge University Library. 300 $aAttributed to Richard Allestree. cf. NUC pre-1956. 300 $aVariously attributed to Lady Dorothy Pakington, Richard Stern, John Fell, Humphrey Henchman, and others. cf. Dict. Nat. Biog. 300 $aPublished anonymously, 1658, under title: The practice of Christian graces, the whole duty of man. 300 $a"Private devotions for several occasions" has separate t.p. 300 $aIndex: p. [1]-[2] at end. 300 $aTable of contents: p. [3]-[8] at end. 330 $aeebo-0021 606 $aDevotional exercises$vEarly works to 1800 606 $aChristian life$vEarly works to 1800 615 0$aDevotional exercises 615 0$aChristian life 700 $aAllestree$b Richard$f1619-1681.$0793142 701 $aPakington$b Dorothy Coventry$cLady,$fd. 1679.$01001112 701 $aFell$b John$f1625-1686.$01001113 701 $aHenchman$b Humphrey$f1592-1675.$0793659 801 0$bEAA 801 1$bEAA 801 2$bm/c 801 2$bWaOLN 906 $aBOOK 912 $a996385786103316 996 $aThe whole duty of man$92400089 997 $aUNISA